| 000 | 00440nam a2200145Ia 4500 | ||
|---|---|---|---|
| 008 | 220214s9999 xx 000 0 und d | ||
| 022 | _a0378-4290 | ||
| 245 | 0 | _aFIELD CROPS RESEARCH | |
| 260 | _bElsevier Science Publishers, B.V., Amsterdam, The Netherlands | ||
| 310 | _a8/y | ||
| 500 | _aEnding Volume & Year: 39, 1994 | ||
| 500 | _aMissing Volume: 7(3);23(2);25(1,2);33(4) | ||
| 500 | _aStarting Volume & Year: 3, 1980 | ||
| 942 | _cBJ | ||
| 999 |
_c15658 _d15658 |
||